000 00697nam a22002297a 4500
003 UA-OsUOA
001 92980
007 ta
008 20130110b un ||||| |||| 00| 0 ukr d
100 _aБеляев А.
090 _a821.161.1
_bБ44
942 _cBK
040 _aUA-OsUOA
_brus
_cUA-OsUOA
_dUA-OsUOA
245 _aСобрание сочинений в восьми томах
_b7
_cЧеловек, нашедший свое лицо. Ариэль
300 _a400 с.
955 _a3
041 _arus
080 _a821.161.1
260 _aМ.
_bМолодая гвардия
_c1964
650 7 _a82 Література. Літературознавство
_2UDC
999 _c378919
_d378919